000 01612nam a2200325 i 4500
001 189034
003 ES-MaACL
005 20240612125522.0
008 190322t20162017sp a |||| |dspa d
020 _a978-84-697-3060-7
080 _a929 Cervantes Saavedra, Miguel de
080 _a94(460)"15/17"(063)
111 2 _aJornadas de Historia en Llerena (
_n17ª.
_d2016)
_9166660
245 1 3 _aLa España del Quijote
_b: [historia y literatura] : IV Centenario de la muerte de Cervantes (1616-2016) /
_c[XVII Jornadas de Historia en Llerena, 21 y 22 de octubre de 2016 ; coordinación, Felipe Lorenzana de la Puente y Francisco Mateos Ascacíbar].
246 3 _aJornadas de Historia en Llerena
260 _aLlerena (Badajoz) :
_bSociedad Extremeña de Historia,
_c2016 (
_g[2017])
300 _a370 p. :
_bil. ;
_c24 cm +
_e1 DVD.
504 _aReferencias bibliográficas.
546 _aTextos en español; resúmenes en español e inglés.
600 1 7 _aCervantes Saavedra, Miguel de,
_d1547-1616-
_vCongresos y asambleas
_9166661
600 1 4 _aCervantes Saavedra, Miguel de,
_d1547-1616-
_xBiografías
_937596
651 4 _aEspaña-
_xHistoria-
_y1516-1700, Casa de Austria-
_vCongresos y asambleas.
_9166662
700 1 _aLorenzana de la Puente, Felipe.
_9129072
700 1 _aMateos Ascacíbar, Francisco J.
_9129719
710 2 _aSociedad Extremeña de Historia.
_96768
852 _aES-MaACL
_jA-14424
_9196170
_bR.151892
_cDEPO1
_dOlim: N-7424
_hDonación: Editorial
852 _aES-MaACL
_jROT 6/2/36
_9203356
_cROT
_hDonación: Editorial
942 _2udc
999 _c189034
_d189034